| 000 | 00700nam a2200229Ia 4500 | ||
|---|---|---|---|
| 008 | 131103s9999 xx 000 0 und d | ||
| 020 | _aSBN 710063792 | ||
| 040 | _aLoreto College | ||
| 041 | _aEnglish | ||
| 082 |
_a373/RUB _bLCLIB/Ed Sem Lib |
||
| 100 | _aRubinstein,David | ||
| 245 |
_aThe evolution of comprehensive, school, 1926 - 1966 _cDavid Rubinstein and Brian Simon |
||
| 260 |
_aLondon _bRoutledge & Kegan _c1969 |
||
| 300 |
_axii,112 p. _c 19 cm. |
||
| 440 | _aThe Students Library Of Education | ||
| 504 | _aIncludes bibliographical references | ||
| 650 | _aSecondary Education | ||
| 651 | _aEducation | ||
| 700 | _aTibble,J.W.,series ed. | ||
| 850 | _aLCLIB | ||
| 942 | _cBK | ||
| 999 |
_c10862 _d61341 |
||